000 00238nam a22001097a 4500
008 140204t xxu||||| |||| 00| 0 eng d
020 _a81-7141-730-2
100 _aAshok Kumar
_9639
245 _aAviculture
300 _a313
942 _2ddc
_cBK
999 _c16901
_d16901